000 00433nam a22001577a 4500
020 _a9780071333252
082 _a621.8312 PAT
100 _aPatranabis, D.
245 _aPrinciples of process control
250 _a3rd ed.
260 _aNew Delhi, India
_bMcGraw Hill
_c2012
300 _axvi, 493 p.
_bill. ;
500 _aIncludes index.
650 _a1. Process control -- Mathematical models. 2. Automatic control
942 _cBK
999 _c12577
_d12577